01318nam a2200241Ia 4500001000900000003001000009008004100019040002500060041001200085100002200097245002900119250001100148260003500159300001100194500026300205501011400468520026300582650001700845942000700862957000600869999004300875952015800918L780-272IT-CnALBA170116s9999||||xx |||||||||||||| ||und|| aIT-CnALBAcIT-CnALBA aLATINO  aCasimiri Raffaele 0aSACRI CONCENTUS Vol. II. a1a ed. bEdizione del PSALTERIUM'cn.d. a48 p.  aComp. Casimiri Raffaele. Raccolta di Mottetti e canti Mariani. SACRI CONCENTUS vol. II° Raffaele Casimiri. (Gualdo Tadino, 3 novembre 1880 - Roma,15 aprile 1943) è stato un musicologo, compositore, organista e presbitero italiano. INDEX. 1. Caro Mea, Mott aSocietà San Paolo EM - Piazza San Paolo, 14 - 12051 ALBA (CN) (non commercial uses only) ® Copyright 2017 aComp. Casimiri Raffaele. Raccolta di Mottetti e canti Mariani. SACRI CONCENTUS vol. II° Raffaele Casimiri. (Gualdo Tadino, 3 novembre 1880 - Roma,15 aprile 1943) è stato un musicologo, compositore, organista e presbitero italiano. INDEX. 1. Caro Mea, Mott aMusica Sacra cBK 71 a80373bSI g Copie: 1 c318820d318820 0010406L_78027271aALBAbALBAd2017-01-16l0oL780-272r2017-01-16 00:00:00w2017-01-16yBKz(data import: 16 gennaio 2017) - By Epidotti, Vaglietti.